[Event "BCF-chT 9798 (4NCL)"]
[Site "England"]
[Date "1998.05.24"]
[Round "10.2"]
[White "Hebden, Mark"]
[Black "Chandler, Murray G"]
[Result "1-0"]
[WhiteElo "2585"]
[BlackElo "2555"]
[Annotator "Tsesarsky,I"]
[PlyCount "78"]
[EventDate "1997.11.??"]
[EventType "team"]
[EventRounds "11"]
[EventCountry "ENG"]
[SourceTitle "CBM 064 Extra"]
[Source "ChessBase"]
[SourceDate "1998.07.07"]
[SourceVersion "1"]
[SourceVersionDate "1998.07.07"]
[SourceQuality "1"]
[WhiteTeam "Midland Monarchs"]
[BlackTeam "BCM"]
[WhiteTeamCountry "ENG"]
[BlackTeamCountry "ENG"]

{[%mdl 4672]} 1. d4 (1. c4 e6 2. Nc3 c5 3. Nf3 Nf6 4. e3 d5 5. d4 Nc6 6. cxd5
exd5 7. Bb5 a6 8. Bxc6+ bxc6 9. O-O Bd6 10. dxc5 Bxc5 11. Qa4 Qc7 12. e4 O-O
13. Bg5 Nxe4 14. Nxe4 dxe4 15. Qxe4 h6 16. Bf4 Qe7 17. Qxe7 Bxe7 18. Rfe1 Re8
19. Bd6 Be6 20. Bxe7 Rxe7 21. Nd4 c5 22. Nxe6 Rxe6 23. Rxe6 fxe6 24. Rd1 Kf7
$14 {Kantsler,B-Tsesarsky,I/Petah-Tikva 1995/1/2-1/2 (69)}) 1... d5 2. c4 e6 3.
Nf3 c5 4. e3 Nf6 5. cxd5 exd5 6. Bb5+ Nc6 7. O-O Bd6 8. Qc2 (8. dxc5 Bxc5 9.
Bxc6+ (9. b3 O-O 10. Bb2 Qe7 (10... Bd6 11. Nbd2 Re8 12. Rc1 Bd7 13. Bxc6 Bxc6
14. Rc2 Bb5 15. Re1 Bd3 $11 {Suba,M-Spraggett,K/Manresa op 1993/1-0 (63)}) (
10... Bg4 11. Bxc6 (11. Nbd2 Rc8 12. Bxc6 bxc6 13. Qc2 Be7 14. Ne5 Qd6 15. Nxg4
Nxg4 16. Nf3 {1/2-1/2 Sher,M-De Firmian,N/Copenhagen PC 1996}) (11. Be2 Re8 12.
Nc3 a6 13. Rc1 Ba7 14. Nd4 Bd7 15. Nxc6 Bxc6 16. Bf3 Ne4 17. Ne2 Qg5 (17...
Nxf2 $5 18. Rxf2 Bxe3 $132) 18. Bd4 Bb8 19. g3 $14 {Rashkovsky,N-Loginov,A/
Russian Cup Stage 1998/1-0 (47)}) 11... bxc6 12. Nbd2 Bb6 13. Qc2 c5 14. Qd3
Re8 15. Bxf6 gxf6 16. Rfd1 Rc8 $132 {Matamoros,C-Komljenovic,D/Las Palmas op
1995/1-0 (64)}) 11. Nbd2 Bd7 12. Bxc6 bxc6 13. Qc2 Bd6 14. Nd4 Qe5 15. N4f3 Qe7
16. Rfe1 Rfe8 $132 {1-0 Legky,N-Jukic,M/Belgrade GMA 1988 (41)}) (9. Qc2 Qd6
10. b3 (10. Bd2 Bd7 11. Bc3 Bb6 12. Rd1 Bg4 13. Nbd2 Qe6 14. Rac1 Rc8 15. Bd3
O-O 16. Qb1 (16. Bxf6 Qxf6 17. Bxh7+ Kh8 18. Bd3 Ne5 19. Qb3 Bxf3 20. Nxf3
Nxf3+ 21. gxf3 Qxf3 22. Bf1 $11) 16... g6 17. h3 Bxf3 18. Nxf3 Ne4 19. Be1 $14)
10... O-O 11. Bxc6 bxc6 12. Bb2 Bb4 13. Nbd2 (13. Rc1 Bb7 14. a3 (14. Ng5 g6
15. a3 Ba5 (15... Ng4 16. Nf3 Ba5 17. h3 Nf6 18. b4 Bb6 19. Qc3 Bd8 20. Nbd2 a5
21. bxa5 Rxa5 22. Nb3 $16) 16. b4 Bd8 17. Nd2 a5 18. bxa5 Bxa5 19. Nb3 Bc7 20.
Nf3 Nd7 21. Nbd4 Rfc8 $132) 14... Ba5 15. b4 Bd8 16. Be5 Qe6 17. Bd4 Ne4 18.
Nc3 $14) 13... Re8 14. Rfc1 Bd7 $10 {Cramling,P-Rodriguez,O/Tarrasa/1989/1/4-1/
4/50/}) 9... bxc6 10. Qc2 Qd6 11. Nc3 O-O 12. e4 (12. b3 Bg4 13. Nd4 Bxd4 14.
exd4 Rfe8 $11 {Krmelj,N-Chavez,M/WchJW Buenos Aires 1993/1-0 (58)}) 12... dxe4
13. Nxe4 Nxe4 14. Qxe4 Qd5 15. Qxd5 cxd5 16. Be3 Bxe3 17. fxe3 Bf5 18. Rac1
Rfc8 19. Nd4 Be4 $11 {Eingorn,V-Kindermann,S/Polanica Zdroj 1984/1/2-1/2 (45)})
(8. Bxc6+ bxc6 9. Qc2 (9. dxc5 Bxc5 10. Qc2 Qd6 11. b3 Bd7 12. Bb2 Bb6 13. Nbd2
O-O 14. Ng5 h6 (14... g6 15. Qc3 Bc7 (15... Bd8 16. Nde4 $1 $18) 16. g3 d4 17.
Qxd4 $18) 15. Bxf6 hxg5 16. Bxg5 $16 {1/2-1/2 Kurajica,B-Novikov,I/Cap d'Agde
op 1994 (34)}) 9... c4 (9... Qb6 10. b3 O-O 11. Ba3 $16) 10. b3 Ba6 11. Re1 O-O
12. bxc4 Bxc4 13. Ba3 $1 Rc8 14. Bxd6 Qxd6 15. Nbd2 Bb5 16. Rec1 $14 {Klinger,
J-Wahls,M/Luzern 1989/1-0 (67)}) 8... Qb6 9. dxc5 (9. Bxc6+ Qxc6 $1 10. dxc5
Qxc5 11. Qxc5 Bxc5 12. b3 Bg4 13. Ba3 b6 14. Ne5 O-O 15. Bxc5 bxc5 16. Nxg4
Nxg4 17. Nc3 Nf6 18. Rfd1 Rfd8 $132 {1-0 D. Cramling-Fedder/Wettkampf Dä-Sd,
SW 1991 (40)}) 9... Bxh2+ $5 (9... Bxc5 $142 $1 10. Bxc6+ bxc6 $1 (10... Qxc6
11. b3 Qd6 (11... O-O 12. Bb2 (12. Ba3 Bxa3 13. Nxa3 $5 (13. Qxc6 bxc6 14. Nxa3
a5 $1 $11) 13... Bg4 14. Nd4 $14) 12... Bg4 (12... Ne4 $5 13. Ne5 $1 (13. Nbd2
Bf5 14. Nxe4 Bxe4 15. Qe2 Rac8 $10) 13... Qd6 14. Nd3 $14) 13. Ne5 Qd6 14. Nd3
$1 $14 {1-0 Khenkin,I-Eingorn,V/Metz 1993 (41)}) 12. Bb2 Bg4 13. Rc1 b6 (13...
Rc8 14. b4 $1 Bxb4 (14... Bb6 15. Qa4+ $16) 15. Qxc8+ Bxc8 16. Rxc8+ Kd7 17.
Rxh8 $18) (13... Bb6 14. Ba3 $1 $16) 14. Nbd2 O-O 15. Ne5 (15. Ng5 Bh5 $1 16.
Bxf6 Bg6 17. Qc3 gxf6 18. Ngf3 Rac8 $132) 15... Rac8 16. Qd3 $14 {Christiansen,
L-Kaidanov,G/USA-ch 1993/1-0 (46)}) 11. Nc3 Bd6 12. b3 O-O 13. Bb2 Bg4 $132) (
9... Qxc5 $6 10. Qxc5 Bxc5 11. b3 $16 {1-0 Hebden,M-Orr,M/op, Edinburgh SCO
1996 (51)}) 10. Nxh2 Qxb5 11. Na3 Qb4 $5 $132 (11... Qa6 $5 12. Bd2 O-O 13. Bc3
Ne4 14. Rad1 Be6 $132) (11... Qa5 12. Bd2 Qd8 13. Nb5 O-O 14. Bc3 Ne4 15. f3
Ng3 16. Rfe1 Nf5 $132 (16... Be6 17. Rad1 Qg5 18. Nd6 $14 {Hebden,M-Emms/Brit
MM 1994/1-0 (51)})) 12. Bd2 Qe4 (12... Qh4 $2 13. Bc3 $16) 13. Bc3 Qxc2 14.
Nxc2 Ne4 (14... Ke7 15. Rfd1 Rd8 16. b4 $14) 15. Bd4 (15. Bxg7 Rg8 16. Bc3 Bf5
$11 (16... Bh3 17. Ne1 Nxc5 18. Rd1 Rd8 19. Nhf3 Ne4 $11)) 15... Nxd4 16. exd4
a5 (16... Be6 $11) 17. f3 Nf6 18. Rfe1+ Be6 19. a3 a4 20. Nb4 h5 21. Re5 O-O-O
22. Rae1 Ng8 23. f4 Ne7 24. Nf3 h4 25. Ng5 $16 Ng6 26. R5e3 Rd7 (26... Nxf4 27.
Rf3 (27. Rf1 Rh5 (27... Ng6 28. Nxe6 fxe6 29. Rxe6 $16) 28. Nxf7 Bxf7 29. Rxf4
Rd7 (29... Re8 30. Rh3 Re7 31. Rhxh4 $16) 30. Nd3 g5 31. Rf6 Rh7 32. c6 bxc6
33. Nc5 Rc7 34. Nxa4 $16) 27... Rh5 28. Nxf7 Bxf7 29. Rxf4 Re8 30. Rxe8+ Bxe8
31. Rg4 (31. Rf8 Kd7 32. Nd3 Ke7 33. Rf3 Rg5 (33... g5 34. Ne5 Ke6 35. Rf8 Ke7
36. Rg8 $16) 34. Ne5 Bg6 35. Kh2 Be4 36. Rf2 Rg3 $11) 31... g6 32. Rf4 Kc7 33.
Rf8 Bd7 34. Rf6 Rg5 35. Rd6 Bc6 36. Kf2 Rf5+ 37. Ke3 g5 38. Rg6 $14) 27. f5 $1
(27. Nd3 Bf5 28. Ne5 Nxe5 29. fxe5 $14) 27... Bxf5 28. Rf1 Be6 (28... Be4 29.
Nxf7 Re8 (29... Rg8 30. Nd6+ Kc7 31. Nxb7 $18 (31. Nxe4 dxe4 32. Rxe4 $18)) 30.
Nd6+ Rxd6 31. cxd6 Kd7 32. Rf7+ $18) 29. Nxe6 Re8 30. Nxd5 $1 (30. Rfe1 fxe6
31. Rxe6 Rxe6 32. Rxe6 Ne7 33. Re5 $16 Nc6 34. Rh5 Nxd4 35. Nxd5 Rd8 36. Nb6+
Kc7 37. Rxh4 Kc6 38. Nxa4 Kb5 39. b3 $16) 30... Rxd5 31. Nc7 $1 $18 (31. Rxf7
Rd7 (31... Re7 32. Rxe7 Nxe7 33. Nxg7 Nc6 34. Rh3 Rxd4 35. Nf5 Rf4 36. Rf3 Rxf3
37. gxf3 Ne5 38. Nxh4 Nd3 $11) 32. Rxd7 Kxd7 33. d5 Ne7 34. Nxg7 Rc8 35. d6 Nd5
36. Re4 Rxc5 37. Nf5 Rc1+ 38. Kh2 Rf1 39. Nxh4 b5 40. g4 Rf2+ 41. Kg3 Rxb2 42.
Nf5 Rb3+ $132) 31... Rxe3 32. Nxd5 Rb3 (32... Rd3 33. Nb6+ Kd8 34. Rxf7 Rd1+
35. Kf2 Rxd4 36. Rxb7 $18) (32... Rg3 $5 33. Rxf7 h3 $5 34. Nb6+ $1 (34. Rxg7
$2 Rxg2+ 35. Kh1 Nh4 36. Rf7 (36. Nb6+ Kb8 (36... Kd8 $1 37. Rxg2 (37. Rf7 Rxb2
38. d5 (38. Nxa4 Rd2 $11) 38... Ke8 39. Rf4 Ng6 40. Rxa4 Rc2 41. d6 Nf8 42.
Re4+ Kf7 43. Re7+ Kg6 44. Rxb7 Ne6 45. Na4 Ng5 46. Rb2 Rc4 47. Rb4 (47. Nb6
Rxc5 48. Kh2 (48. d7 Nf3 $19) 48... Rc3 49. d7 Rd3 50. a4 Kh5 (50... Nf3+ 51.
Kxh3 Ne5+ 52. Kh4 Nxd7 53. a5 Nc5 $11) 51. a5 Kg4 52. Rb4+ Kf5 (52... Kh5 53.
Rf4) 53. Rb5+ Kg4 54. Rb4+ $11 (54. Rd5 Nf3+ 55. Kh1 Re3 56. Rd1 Re2 $19))
47... Rc1+ 48. Kh2 Rc2+ 49. Kg3 Rg2+ 50. Kf4 h2 51. Rb1 Rg1 $19) (37. Rd7+ $4
Ke8 38. Rh7 Nf3 $19) 37... hxg2+ 38. Kh2 Nf3+ 39. Kxg2 Nxd4 40. Nxa4 Nb3 41.
Kf3 Kd7 42. Ke4 Kc6 43. Ke5 Kb5 44. Nc3+ Kxc5 45. Ne4+ Kc6 $14) 37. Rh7 $18)
36... Rxb2 37. Nb6+ Kd8 38. d5 Ke8 39. Rf4 Ng6 40. Rxa4 Rc2 41. Re4+ (41. d6
Ne5 42. Re4 Rxc5 43. Kh2 Kf7 44. Kxh3 Ke6 45. d7 Ke7 $11) (41. Ra8+ Kf7 42. d6
Ne5 43. d7 Ng4 $3 44. Rf8+ Ke6 (44... Kg7 45. Rg8+ $18) 45. Re8+ Kf5 46. Rf8+
$11 (46. Re1 Rh2+ 47. Kg1 Rg2+ 48. Kh1 (48. Kf1 Nh2#) 48... Nf2#)) 41... Kf7 (
41... Kd8 42. d6 Rxc5 43. Ra4 $18) 42. d6 (42. Re3 Rxc5 43. Rxh3 Kg7 44. d6 Ne5
45. Re3 Kf6 $11) 42... Rxc5 43. d7 Rc1+ 44. Kh2 Rd1 45. Rc4 (45. Kxh3 Nf8 $11)
45... Ne5 46. Rc7 Ke7 47. Kxh3 Rd3+ 48. Kg2 Rxa3 $11) (34. Rf2 $2 Nh4 35. Nb6+
Kd8 36. Nxa4 hxg2 $132) 34... Kd8 35. Rd7+ $5 (35. Rxg7 $1 Rxg2+ 36. Kh1 Nf4
37. Rh7 $1 (37. Rxg2 hxg2+ 38. Kh2 Ne2 39. Kxg2 Nxd4 40. Nxa4 Nb3 $14) 37...
Rxb2 38. d5 Ke8 39. d6 Kf8 40. d7 Rb1+ 41. Kh2 Rb2+ 42. Kg3 Ne6 43. Rh6 Rb3+
44. Kh2 $18) 35... Ke8 36. Rxg7 Rxg2+ 37. Kh1 Nf4 38. Rh7 $1 (38. Rxg2 hxg2+
39. Kh2 Ne2 40. Kxg2 Nxd4 41. Nxa4 Nb3 42. Kf3 Kd7 43. Ke4 Kc6 44. Ke5 Kb5 45.
Nc3+ Kxc5 $14) 38... Rxb2 39. d5 Kf8 40. d6 Kg8 41. d7 Rd2 42. Rh6 $1 $18) 33.
Rxf7 h3 34. Rxg7 Nh4 35. Nb6+ (35. gxh3 $18) 35... Kd8 36. d5 hxg2 37. Rg8+ Ke7
38. d6+ Kf7 39. Rg4 Rh3 (39... Rh3 40. d7 Rh1+ 41. Kf2 Rd1 (41... Ke7 42. Rg7+
Kf8 43. Rxg2 $18) 42. Ke2 Nf5 43. Rxg2 Rd4 44. Rf2 Ke6 45. Rf4 Kf6 46. Ke1 $1
$18) 1-0

[Event "Leonid Stein Memorial"]
[Site "Lvov"]
[Date "2000.05.21"]
[Round "9"]
[White "Beliavsky, Alexander G"]
[Black "Krasenkow, Michal"]
[Result "1/2-1/2"]
[WhiteElo "2640"]
[BlackElo "2661"]
[Annotator "Tsesarsky,I"]
[PlyCount "118"]
[EventDate "2000.05.12"]
[EventType "tourn"]
[EventRounds "10"]
[EventCountry "UKR"]
[EventCategory "17"]
[SourceTitle "CBM 077"]
[Source "ChessBase"]
[SourceDate "2000.07.27"]
[SourceVersion "1"]
[SourceVersionDate "2000.07.27"]
[SourceQuality "1"]

1. c4 e6 2. d4 d5 3. Nf3 c6 4. Bg5 {This move became more popular at last time
due to gm A.Beliavsky's efforts. Bishop is developing with tempo, and it's
change is good for White} Be7 ({Another purpose of 4.Bg5 is to provocate} 4...
f6 5. Bd2 $1 $14 {[%csl Yf6][%cal Gg8f6]}) ({After} 4... Nf6 {It is good
version for White of Queen gambit} 5. e3 $14) 5. Bxe7 Qxe7 6. Nbd2 {[%cal
Gd2c4]} (6. e3 Nf6 (6... f5 7. Nc3 (7. cxd5 exd5 8. Ne5 Nf6 9. Bd3 Nbd7 10. f4
O-O 11. O-O $14 {Foguelman,Alberto-Bruno,H/Chacabuco (7) ;MCD 1965/1-0 (51)})
7... Nf6 8. Bd3 O-O 9. Qc2 Bd7 (9... Ne4 10. g4 $1 g6 11. gxf5 gxf5 12. Rg1+
Kh8 13. O-O-O $16 {1-0 Khenkin,Igor-De Vita,Gianni/Porto San Giorgio op (1) ;
EXT 2000 1997 (24)}) 10. h3 Na6 11. a3 Nc7 12. g4 Ne4 13. Ne5 $14 {1-0 Khenkin,
Igor-Storm,Roland/Biel op (8) ;TD 1994 (35)}) 7. Nc3 O-O (7... Nbd7 8. cxd5
exd5 9. Bd3 O-O 10. Qc2 Re8 11. O-O Nf8 12. Rab1 Bg4 13. Ne5 Bh5 14. b4 $14 {
Khenkin,Igor-Relange,Eloi/Cannes op (5) ;EXT 97 1994/1-0 (42) -Carlsbad
variation}) 8. Qc2 (8. Qb3 $5 Nbd7 9. cxd5 exd5 (9... Nxd5 10. Bd3 $14) 10. Bd3
Re8 11. O-O Ne4 12. Qc2 Nf8 13. Rab1 $14 {[%cal Gb2b4]}) (8. Bd3 $6 $11 {
Allows to Black to take on c4 with tempi.} dxc4 $1 9. Bxc4 c5 10. O-O Rd8 11.
Qe2 cxd4 12. exd4 (12. Nxd4 e5 13. Nb3 Nc6 $11) 12... Nc6 $11 {0-1 Mikhalevski,
Victor-Koutsin,Sergey/Platonov mem (5) ;CBM 51 1995 (37)}) 8... Nbd7 $5 (8...
c5 $6 9. cxd5 exd5 10. Be2 c4 11. b3 Qb4 12. bxc4 dxc4 13. Rb1 Qa5 14. O-O $16
{1-0 Schroer,Jonathan-Frederick,Robert/Nassau Int Syosset (2) ;EXT 2000 1984 
(32)}) 9. Rd1 $5 {[%cal Gd5c4,Gf1d3] Continue of fighting for tempo} (9. cxd5
cxd5 $14 {[%csl Rc8]} (9... Nxd5 10. Bd3 N7f6 11. a3 $14)) 9... dxc4 10. Bxc4
e5 11. O-O exd4 12. Rxd4 Nb6 13. Bd3 $14) (6. Qc2 $6 dxc4 (6... Nd7 7. Nbd2
Ngf6 8. cxd5 exd5 9. e3 $14) 7. Qxc4 Nf6 8. g3 O-O 9. Bg2 Nbd7 10. Nc3 e5 $11 {
1-0 Gofshtein,Leonid D-Prakken,H/Bourbon Lancy op (1) ;CBM 62 ext 1997 (40)})
6... Nf6 (6... f5 $6 7. e3 Nd7 8. Bd3 Nh6 9. O-O O-O 10. Qc2 $14 {1-0
Capablanca,J-Treybal,K/Carlsbad 1929/[ 5] (58)}) 7. g3 $5 $146 {Interesting
novelty.Beliavsky transforms the game to Catalon opening!} ({Also not bad (and
according to my opinion, better) is} 7. e3 $14 O-O (7... Nbd7 8. cxd5 exd5 9.
Qc2 O-O 10. Be2 c5 11. dxc5 $14) 8. Bd3 (8. Rc1 Nbd7 (8... b6 9. Bd3 Bb7 10.
cxd5 exd5 11. Ne5 c5 12. O-O Nbd7 13. Nxd7 Nxd7 14. dxc5 Nxc5 15. Nf3 $14 {
1/2-1/2 Dydyshko,Viacheslav-Matlak,Marek/Frydek-Mistek op ;EXT 99 1995 (22)})
9. cxd5 exd5 10. Bd3 Ne4 11. O-O f5 12. Qe2 Rf6 $132 {0-1 Danielsen,H-Kharlov,
A/Norresundby ,EXT 1993/[ 5] (40)}) 8... Nbd7 9. cxd5 $1 (9. Qc2 Re8 (9... h6
10. O-O e5 11. e4 dxc4 12. Bxc4 exd4 13. Nxd4 Ne5 $11 {1/2-1/2 Boehle,L-Meller,
B/NRW 1989/[ 5] (74)}) 10. O-O e5 $11) 9... exd5 (9... cxd5 10. O-O $14 {
[%csl Rc8]}) 10. O-O Ne4 11. Qc2 Re8 (11... f5 12. Rab1 $14 {[%cal Gb2b4]} (12.
a3 $14)) 12. Rab1 $14 {[%cal Gb2b4]} (12. Rfe1 Ndf6 $132 {0-1 Lutz,C-Piket,J/
Dortmund 1994/Inf 61/ (61)}) (12. Rfc1 $14)) 7... O-O 8. Bg2 Nbd7 9. O-O ({Here
} 9. cxd5 {Is not recommended because after} exd5 $11 {[%csl Gd5][%cal Gg2d5]
This pawn structure with White B on g2 is good for Black.}) 9... e5 {Now Nd2
placed worse than on c3, d5 square is not attacked!} 10. cxd5 (10. dxe5 Nxe5
11. cxd5 Nxd5 $11) 10... e4 $1 (10... Nxd5 11. e4 N5f6 12. Qc2 exd4 13. Nxd4
Nb6 14. Rae1 Rd8 15. N2b3 Bd7 (15... c5 16. Nf5 Bxf5 17. exf5 $16 {[%csl Rb7,
Rc5,Re7]}) (15... Bg4 16. h3 $14) 16. f4 $14) 11. d6 $1 (11. Nh4 cxd5 12. Nf5
Qe6 13. Ne3 b6 (13... Nb6 14. Nb3 $14 (14. Rc1 Bd7 15. Nb3 Ba4 16. Nc5 Bxd1 17.
Nxe6 fxe6 (17... Bxe2 18. Nxf8 Bxf1 19. Nxh7 Nxh7 20. Kxf1 Ng5 $11 {[%csl Rd4]
[%cal Gg5e6]}) 18. Rfxd1 Rac8 $11)) 14. Qa4 Nb8 $1 (14... Bb7 15. Rac1 $14 {
[%cal Ga4a7]}) 15. Rac1 (15. f3 $6 exf3 16. Rxf3 Nc6 $15) 15... Bd7 $11) 11...
Qxd6 12. Nc4 Qe7 13. Nfd2 $6 $11 ({Seems better} 13. Nfe5 $5 Nb6 $5 (13... Nxe5
14. dxe5 Ng4 15. Qd4 (15. Qd6 Re8 $1 16. Rfd1 Be6 17. Na5 Bd5 $15) 15... f6 16.
exf6 Nxf6 17. Nd6 Rd8 18. Rfd1 Bg4 19. Qc4+ Be6 20. Qc5 $14) 14. Qc2 Nxc4 15.
Qxc4 (15. Nxc4 Rd8 $11 {like in this game} (15... Bf5 16. Ne3 Be6 17. Bxe4 Qb4
18. Bf5 (18. Rfd1 Nxe4 19. Qxe4 Qxb2 $15) 18... Qxd4 19. Bxe6 fxe6 20. Rad1 $14
{[%csl Re6]})) 15... Rd8 16. Rfd1 Nd5 17. Qb3 (17. Qc2 e3 18. f4 f6 19. Nc4 Bg4
20. Rac1 Re8 21. a3 Rad8 $132) 17... f6 18. Nc4 $14) 13... Nb6 (13... c5 $6 14.
Qc2 $1 (14. e3 b5 15. Na5 Ba6 $132) (14. dxc5 Nxc5 15. b4 Na6 16. a3 Be6 17.
Ne3 Rfd8 18. Qc2 Rac8 19. Qb2 $11) 14... cxd4 15. Nxe4 Nxe4 16. Qxe4 Qxe4 17.
Bxe4 Nc5 18. Bf3 Be6 19. Rfc1 Rad8 20. Ne5 Rc8 21. b4 Na6 22. a3 $14 (22. Rxc8
Bxc8 23. a3 $14)) 14. Qc2 Nxc4 15. Nxc4 Rd8 16. Rfd1 Be6 (16... Bf5 17. Ne3 Qe6
(17... Bg6 18. Rac1 Nd5 19. Nxd5 Rxd5 20. e3 $14 {[%csl Re4,Rg6]}) 18. Nxf5 (
18. b4 Bh3 19. Bh1 Rd7 20. Rd2 Rad8 21. Rad1 Nd5 22. Nxd5 cxd5 23. e3 Qd6 24.
Qc5 Rc7 25. Qxd6 Rxd6 $15) 18... Qxf5 19. Rac1 $14) 17. Ne3 Qb4 18. a3 Qb6 19.
Nc4 Qb5 (19... Bxc4 20. Qxc4 Qxb2 (20... Rd6 21. b4 Rad8 22. e3 $14) 21. Rab1
Qxa3 22. Rxb7 $14) 20. b3 a5 21. a4 (21. Rac1 h6 $11 (21... a4 22. b4 $132))
21... Qb4 22. e3 Bd5 23. Rac1 c5 $5 {This move gives to White square d4} (23...
b6 $142 24. Rb1 $11 (24. Qc3 b5 $1 25. Nd2 (25. Nb6 Bxb3 $1 $17) 25... bxa4 26.
bxa4 Qxa4 $17)) (23... b5 24. Nd2 $11) 24. dxc5 Qxc5 25. Rd4 {[%csl Yd4]} Bc6
26. Rcd1 Rxd4 27. Rxd4 {[%csl Re4]} h6 28. Qd2 {[%cal Gd4d8]} Bd5 $1 29. h3 (
29. Bf1 b6 $11) 29... b6 30. Bf1 Rc8 31. Qd1 (31. Be2 $11) 31... Rc7 32. Nd2 {
Not necessary move. Black change Queens} (32. Bg2 $11) 32... Qc1 33. Nc4 Qxd1
34. Rxd1 Rc6 35. Rd4 Kf8 36. Nd2 $6 {this move also not necessary} (36. Be2 $11
{[%cal Gg1f1,Gf1e1,Ge1d2]}) 36... Rc1 37. Kg2 Ke7 38. g4 Rc2 39. Bc4 Bc6 $1 {
Maybe this move was not properly evaluated by White.} (39... Bxc4 $2 40. Nxc4
$14) 40. Kg3 {Position of White is strong enough to keep draw} g5 41. Bf1 (41.
h4 $11) 41... Bd5 (41... h5 42. Bg2 h4+ 43. Kh2 Bd5 44. Kg1 (44. Nxe4 Bxe4 45.
Bxe4 Rxf2+ $15) (44. Bxe4 Rxd2 45. Rxd2 Bxe4 $15) 44... Rc1+ (44... Ke6 45.
Bxe4 $14) 45. Kh2 Rc2 46. Kg1 $11) 42. Nc4 (42. Bg2 Rc1 43. Bxe4 (43. Nxe4 Rg1
$1 44. Kh2 (44. f3 Nxe4+ 45. fxe4 Bxb3 46. e5 $17) 44... Rxg2+ 45. Kxg2 Bxe4+
46. f3 (46. Kg3 Bc2 47. b4 Ne4+ 48. Kg2 Nd6 49. f3 Ke6 $15) 46... Bc2 47. b4
axb4 48. Rxb4 Nd5 49. Rd4 Ke6 $15) 43... Nxe4+ 44. Nxe4 Bxb3 45. f4 Ra1 46. Nc3
Rc1 47. Ne4 $11) 42... Bxc4 43. Bxc4 Rb2 44. Rd1 (44. f3 $11) 44... Ne8 45. Bd5
Nf6 46. Bc4 Ne8 47. Bd5 Nd6 {Black decided to play for winning.} (47... Nf6 $11
) 48. Rc1 Rd2 49. Ba8 (49. Bc4 Kf6 50. Ba6 Ke5 51. Rc6 f5 52. f4+ exf3 53. Kxf3
Rh2 (53... Ne4 54. gxf5 Rf2+ 55. Kg4 Nf6+ 56. Kg3 Ne4+ $11) 54. Bf1 (54. Kg3
Rb2 $17) 54... Ne4 55. Bg2 h5 $17) 49... Rd3 (49... Kf6 $5 50. Rc6 Ke5 51. Rxb6
f5 52. Ra6 f4+ 53. exf4+ gxf4+ 54. Kh4 Rxf2 55. Rxa5+ Ke6 $44) 50. Rb1 Rc3 (
50... Ke6 51. b4 f5 (51... Ke5 52. bxa5 bxa5 53. Rc1 $14) 52. gxf5+ Kxf5 (52...
Nxf5+ 53. Kg4 Nd6 54. bxa5 bxa5 $132)) 51. Bd5 Kf6 52. Bc4 $1 {White sacrifice
P with idea to recieve drawn rook ending.} (52. h4 Ke5 53. Bc4 {the same idea}
Nxc4 54. bxc4 Rxc4 55. Rxb6 gxh4+ 56. Kxh4 Rxa4 57. Rxh6 Ra1 58. Ra6 $11) 52...
Nxc4 53. bxc4 Rxc4 54. Rxb6+ Kg7 55. h4 gxh4+ (55... Rxa4 56. Rb5 Kf6 57. Rf5+
Kg6 58. Rc5 $11) 56. Kxh4 Rxa4 57. Rb5 Ra2 58. Kg3 f6 59. Rc5 Ra4 $44 (59...
Kf7 60. Rc4 a4 61. Rxe4 $11) 1/2-1/2

[Event "Hastings 0001 76th"]
[Site "Hastings"]
[Date "2001.01.03"]
[Round "6"]
[White "Speelman, Jonathan S"]
[Black "Beshukov, Sergei"]
[Result "1/2-1/2"]
[WhiteElo "2623"]
[BlackElo "2428"]
[Annotator "Tsesarsky,I"]
[PlyCount "117"]
[EventDate "2000.12.29"]
[EventType "tourn"]
[EventRounds "9"]
[EventCountry "ENG"]
[EventCategory "12"]
[SourceTitle "CBM 081"]
[Source "ChessBase"]
[SourceDate "2001.03.20"]
[SourceVersion "1"]
[SourceVersionDate "2001.03.20"]
[SourceQuality "1"]

1. c4 {Kostakiev} e6 2. Nf3 d5 3. d4 c6 4. Qc2 Nf6 5. Bg5 dxc4 6. Qxc4 Be7 7.
Nbd2 (7. e3 b6 (7... O-O 8. Bd3 h6 9. Bxf6 Bxf6 10. Nc3 {-see commented game
1-0 Kramnik,V-Lautier,J/Tilburg NED 1998/[Tsesarsky,I] (24)}) 8. Be2 (8. Bxf6
Bxf6 9. Nc3 Ba6 10. Qa4 Bxf1 11. Rxf1 {-see commented game 1/2-1/2 Poluljahov,
A-Beshukov,S/Krasnodar 1999/CBM 75 (39)[Tsesarsky,I]}) (8. Qc2 Bb7 9. Nc3 Nbd7
10. Rd1 {-see commented game 1/2-1/2 Shchekachev,A-Poluljahov,A/Moscow 1999/
CBM 75 (46)[Huebner,R]}) 8... Ba6 9. Qc2 Bxe2 10. Qxe2 Nbd7 11. O-O O-O 12. Nc3
Nd5 13. Nxd5 Bxg5 (13... cxd5 $5 14. Bxe7 Qxe7 15. Rfc1 Rfc8 16. Qa6 Qd8 $11)
14. Nb4 Rc8 15. Nxc6 Rxc6 16. Qb5 Rc7 17. Qxg5 Qxg5 18. Nxg5 Rc2 $44 {1/2-1/2
Grabarczyk,M-Beshukov,S/Bydgoszcz POL 2000/The Week in Chess 292 (26)}) 7... b6
$1 {[%cal Gc8a6] Black solves Bc8 development problem via a6-f1 diagonal!} 8.
g3 $146 {This novelty idea is to prevent BB exchange.} ({Worth of attetion} 8.
e4 $1 Ba6 9. Qc2 Bxf1 {and here not} 10. Rxf1 $6 $132 {-see detailed commented
game 1-0 Topalov,V-Lautier,J/Monaco 2000/CBM 75 (25)[Tsesarsky,I]} ({but} 10.
Nxf1 $1 $14)) 8... O-O (8... Bb7 9. Bg2 O-O 10. Nb3 Nbd7 11. O-O h6 12. Bxf6
Bxf6 13. Rfd1 $14 {1/2-1/2 Tunik,G-Poluljahov,A/Smolensk RUS 2000/The Week in
Chess 285 (24)}) 9. Bg2 Ba6 10. Qc2 Nd5 {[%cal Ga6e2]} 11. Bxe7 Qxe7 12. a3 $6
$132 ({Interesting is} 12. Ne4 $5 {[%cal Ge4c5] protecting Pe2 and preparing
0-0.} f5 13. Nc3 Nd7 14. O-O $14) 12... c5 $1 {Getting rid from the weakness.}
13. dxc5 (13. e4 Nf6 14. dxc5 Rc8 $11) 13... Rc8 14. Ne4 f5 $5 15. Nc3 Nxc3 (
15... Rxc5 16. Nxd5 exd5 (16... Rxd5 17. Nd4 $1 $16) 17. Qd2 Qe4 $5 18. Nh4 Qe5
19. Rd1 $14) 16. Qxc3 Rxc5 17. Qe3 Nc6 18. O-O Rd8 19. Rac1 Rxc1 (19... e5 $11)
20. Rxc1 Qd6 {Position is equal, but ELO rating difference moves White to play
for winning, draw will not satisfy White.} 21. h4 h6 (21... Rd7 $11) 22. b4 Bb5
23. Bf1 Ba4 (23... e5 24. Qb3+ Qd5 $11) 24. Rc3 Ne7 (24... Bb5 $11) 25. Qe5 Nc6
26. Qxd6 Rxd6 {After QQ exchange position evaluation is the same: equality.}
27. e3 Bd1 $1 {[%cal Gd1f3][%mdl 256] good reply!} (27... Kf8 28. b5 $16) (
27... Kf7 $5 28. b5 Ne7 29. Rc7 Kf6 30. Rxa7 $14) 28. Kg2 Bxf3+ $1 (28... g5 $6
29. hxg5 Bxf3+ 30. Kxf3 hxg5 31. Bb5 Ne5+ 32. Ke2 a5 33. bxa5 bxa5 34. Rc8+ Kf7
35. Ra8 $16) 29. Kxf3 Ne5+ 30. Ke2 Rc6 $1 31. Rxc6 Nxc6 {this endgame is drawn.
White has certain initiative, enough only for draw...} 32. Kd3 Ne5+ 33. Kd4
Nf3+ 34. Kc3 Kf7 35. Bg2 Ne5 36. Kd4 Kf6 37. f4 Nf7 38. h5 Nd6 39. a4 Nf7 40.
e4 fxe4 $1 (40... e5+ $6 41. Kd5 exf4 42. gxf4 fxe4 43. Bxe4 Nd8 44. Bc2 (44.
Kd6 Ne6 $15) 44... Ne6 45. Ke4 a5 46. b5 Nc7 47. Bb3 $16) 41. Bxe4 Nd6 {
White K can't pass the 5-th line.} 42. g4 Nf7 43. Bd3 Nd6 44. g5+ {This P
sakrifice leads to draw by force.} ({or} 44. Bg6 Nb7 $11) 44... hxg5 45. fxg5+
Kxg5 46. Ke5 Ne8 47. Kxe6 Nf6 48. Kd6 Kxh5 49. Kc6 g5 50. Bf1 Kg4 51. Kb7 Kf3
52. Bh3 g4 53. Bxg4+ Kxg4 54. Kxa7 Nd5 55. a5 bxa5 56. bxa5 Kf5 57. Kb7 Nb4 58.
a6 Nxa6 59. Kxa6 1/2-1/2